Toto by ste mali vedieť, než sa pustíte do influencer marketingu
Obsahové vymedzenie influencer marketingu. Hlavná sila influencerov. Rozdiely medzi influencer marketingom a PR. Ako efektívne využívať influencerov.
Na minha lista:
| Autor principal: | |
|---|---|
| Formato: | Capítulo de Livro |
| Idioma: | eslovaco |
| Assuntos: | |
| Tags: |
Sem tags, seja o primeiro a adicionar uma tag!
|
MARC
| LEADER | 00000naa a2200000 4500 | ||
|---|---|---|---|
| 001 | 0241378 | ||
| 005 | 20180322081349.6 | ||
| 041 | 0 | |a slo | |
| 044 | |a SK | ||
| 245 | 1 | 0 | |a Toto by ste mali vedieť, než sa pustíte do influencer marketingu |c Marcela Danišová |
| 520 | |a Obsahové vymedzenie influencer marketingu. Hlavná sila influencerov. Rozdiely medzi influencer marketingom a PR. Ako efektívne využívať influencerov. | ||
| 610 | 2 | 0 | |a riadenie vzťahov so zákazníkmi |
| 610 | 2 | 0 | |a vzťahy s verejnosťou |
| 610 | 2 | 0 | |a marketing elektronický |
| 610 | 2 | 0 | |a technológie informačné |
| 610 | 2 | 0 | |a technológie komunikačné |
| 610 | 2 | 0 | |a komunikácia marketingová |
| 100 | 1 | |a Danišová, Marcela | |